The first escape #1 / G.P. Taylor.
Available copies
- 2 of 2 copies available at LARL/NWRL Consortium.
- 1 of 1 copy available at Lake Agassiz Regional Library. (Show preferred library)
Current holds
0 current holds with 2 total copies.
Show Only Available Copies
| Location | Call Number / Copy Notes | Barcode | Shelving Location | Status | Due Date |
|---|---|---|---|---|---|
| Bagley Public Library | Y TAY (Text) | 33500011444668 | Main | Available | - |
| Thief River Falls Public Library | j TAY (Text) | 35500004348353 | Main | Available | - |
Record details
- ISBN: 9781414319476 (hc)
- ISBN: 1414319479 (hc)
- Physical Description: 280 p. : ill. (some col.) ; 24 cm.
- Publisher: Carol Stream, Ill. : Tyndale House Publishers, 2008.
Content descriptions
| General Note: | "Previously published in 2006 as 'The Tizzle sisters and Erik' by Markosia Enterprises, Ltd."--T.p. ... Read More |
| Formatted Contents Note: | Porridge -- Muzz Elliott -- Spaniards house -- ... Read More |
| Summary, etc.: | At Isambard Dunstan's School for Wayward Children ... Read More |
Search for related items by subject
| Genre: | Adventure stories. Children's stories. |
Search for related items by series
| LDR | 02667cam a2200553 a 4500 | ||
|---|---|---|---|
| 001 | 97491 | ||
| 003 | LARL_NWRL_CONSORTIUM | ||
| 005 | 20110701094642.0 | ||
| 008 | 080509r20082006ilua c 000 1 eng | ||
| 010 | . | ‡a2008012511 | |
| 015 | . | ‡aGBA8C7259 ‡2bnb | |
| 016 | 7 | . | ‡a014795142 ‡2Uk |
| 020 | . | ‡a9781414319476 (hc) | |
| 020 | . | ‡a1414319479 (hc) | |
| 035 | . | ‡a(OCoLC)223941170 | |
| 040 | . | ‡aDLC ‡beng ‡cDLC ‡dIG# ‡dBTCTA ‡dBAKER ‡dEHH ‡dUKM ‡dXY4 ‡dJP3 ‡dCQU ‡dOCLCQ ‡dYDXCP ‡dOCLCQ | |
| 042 | . | ‡alcac | |
| 050 | 0 | 0. | ‡aPZ7.T2134 ‡bTiz 2008 |
| 082 | 0 | 4. | ‡a[Fic] ‡222 |
| 100 | 1 | . | ‡aTaylor, G. P. ‡0(LARL_NWRL_CONSORTIUM)202009 |
| 245 | 1 | 4. | ‡aThe first escape ‡n#1 / ‡cG.P. Taylor. |
| 260 | . | ‡aCarol Stream, Ill. : ‡bTyndale House Publishers, ‡c2008. | |
| 300 | . | ‡a280 p. : ‡bill. (some col.) ; ‡c24 cm. | |
| 490 | 0 | . | ‡aDoppleganger Chronicles; ‡v1 |
| 500 | . | ‡a"Previously published in 2006 as 'The Tizzle sisters and Erik' by Markosia Enterprises, Ltd."--T.p. verso. | |
| 520 | . | ‡aAt Isambard Dunstan's School for Wayward Children life is trouble for fourteen-year-old identical twins Sadie and Saskia Dopple and their friend Erik Morrissey Ganger, but when a mysterious woman adopts Saskia and takes her to a mansion filled with secrets and threats, Sadie and Erik escape the orphanage to save her. | |
| 505 | 0 | . | ‡aPorridge -- Muzz Elliott -- Spaniards house -- Foul fiends -- Forbidden portrait -- Tower room -- Visitors -- Hounds of Hampstead Heath -- Madame Petrusa -- Magician of Hampstead -- Insignificant other -- Black Maria -- Toil and trouble -- Breathe -- And then there were three -- Second warning -- About the author and artists. |
| 650 | 0. | ‡aOrphans ‡vJuvenile fiction. ‡0(LARL_NWRL_CONSORTIUM)166522 | |
| 650 | 0. | ‡aAdoption ‡vJuvenile fiction. | |
| 650 | 0. | ‡aSchools ‡vJuvenile fiction. ‡0(LARL_NWRL_CONSORTIUM)167227 | |
| 650 | 0. | ‡aTwins ‡vJuvenile fiction. ‡0(LARL_NWRL_CONSORTIUM)167782 | |
| 650 | 0. | ‡aSisters ‡vJuvenile fiction. ‡0(LARL_NWRL_CONSORTIUM)167228 | |
| 650 | 0. | ‡aSupernatural ‡vJuvenile fiction. ‡0(LARL_NWRL_CONSORTIUM)167229 | |
| 650 | 1. | ‡aOrphans ‡vFiction. ‡0(LARL_NWRL_CONSORTIUM)166482 | |
| 650 | 1. | ‡aAdoption ‡vFiction. ‡0(LARL_NWRL_CONSORTIUM)163280 | |
| 650 | 1. | ‡aSchools ‡vFiction. ‡0(LARL_NWRL_CONSORTIUM)167222 | |
| 650 | 1. | ‡aTwins ‡vFiction. ‡0(LARL_NWRL_CONSORTIUM)167632 | |
| 650 | 1. | ‡aSisters ‡vFiction. ‡0(LARL_NWRL_CONSORTIUM)167281 | |
| 650 | 1. | ‡aSupernatural ‡vFiction. ‡0(LARL_NWRL_CONSORTIUM)167353 | |
| 650 | 1. | ‡aMystery and detective stories. ‡0(LARL_NWRL_CONSORTIUM)176113 | |
| 655 | 0. | ‡aAdventure stories. | |
| 655 | 0. | ‡aChildren's stories. | |
| 948 | . | ‡hNO HOLDINGS IN LAL - 554 OTHER HOLDINGS | |
| 994 | . | ‡aZ0 ‡bLAL | |
| 901 | . | ‡a97491 ‡bOCLC ‡c97491 ‡tbiblio | |

Add to basket
Permalink
Enable Highlighting